| 000 | 01066nam2a2200217 4500 | ||
|---|---|---|---|
| 001 | RU\NLR\BIBL_A\011497549 | ||
| 005 | 20260408015855.0 | ||
| 035 | _a(NLR Aleph) 011497549 | ||
| 090 |
_a11979598 _c11979599 |
||
| 100 | _a20171017d2006 |||y0rusy50 ca | ||
| 101 | 0 | _arus | |
| 102 | _aRU | ||
| 200 | 1 | _a15 лет Институту практичной психологии и психоанализа | |
| 210 |
_d2006 _aБ. м. |
||
| 461 | 0 |
_1001RU\NLR\INFOCOMM10\1000191049 _12001#$aЖурнал практического психолога$fУчредитель: Изд-во "Фолиум"$vГ. 11 2006, № 5 (спец. вып.) _93035650 _cМ. _d1996- _fУчредитель: Изд-во "Фолиум" _tЖурнал практического психолога _x1990-9349 _vГ. 11 2006, № 5 (спец. вып.) |
|
| 712 | 0 | 2 |
_4570 _aИнститут практической психологии и психоанализа _cМосква _3RU\NLR\AUTH\8810179114 _9854332 |
| 852 |
_aNLR _jП25/241 |
||
| 942 | _cISSUE | ||
| 980 | _aNB | ||
| 980 | _aRUSPER | ||